000 01557nam a2200265Ia 4500
003 Ost
005 20260507075512.0
008 260507s9999||||xx |||||||||||||| ||und||
020 _a9789953822150
040 _cfsecg
041 _aara
082 _a339.43
100 _aالنجفي، سالم توفيق
_eمؤلف
245 0 _aالسياسات الاقتصادية الكلية والفقر مع إشارة خاصة إلى الوطن العربي /
_c سالم توفيق النجفي
260 _aبيروت:
_bمركز دراسات الوحدة العربية,
_c2008
300 _a312 صفحة؛
_bإيضاحات ؛
_c24 سم
490 _aمركز دراسات الوحدة العربية
504 _aببليوغرافيا:ص ص.291-304
520 _aالمفاهيم والمرجعيات النظرية للفقر،المتضمنات والعوامل الرئيسية المؤثرة في الفقر،الاصلاحات الإقتصادية واستراتيجيات خفض الفقر،آليات تأثير السياسات الإقتصادية الكلية(المالية والنقدية)في الفقر،آليات تأثير السياسات الإقتصادية الكلية(التوزيعية والتجارة الخارجية)في الفقر،حالة الفقر العربية
653 _aالتخطيط الاقتصادي
653 _aالعالم العربي-الأحوال الاقتصادية
653 _aالفقر
700 _aأحمد، فتحي عبد المجيد
_eمؤلف ثانوي
942 _cكتاب
999 _c44738
_d44738